Republican National Convention Candidates: 1856-1900 - Statistics

General Stats
  • This quiz has been taken 18 times
  • The average score is 35 of 64
Answer Stats
Convention Rounds Max. Votes^ Answer % Correct
1856 (Philadelphia) Vice President 1 20 Abraham Lincoln
100%
1860 (Chicago) President 1-3 350 Abraham Lincoln
100%
1864 (Baltimore) President 1 516 Abraham Lincoln
100%
1864 (Baltimore) Vice President 1 492 Andrew Johnson
100%
1868 (Chicago) President 1 648 Ulysses S. Grant
100%
1872 (Philadelphia) President 1 Unanimous Ulysses S. Grant
100%
1880 (Chicago) President 1-36 313 Ulysses S. Grant
100%
1888 (Chicago) President 4-8 544 Benjamin Harrison
90%
1892 (Minneapolis) President 1 535.17 Benjamin Harrison
90%
1880 (Chicago) Vice President 1 468 Chester A. Arthur
90%
1884 (Chicago) President 1-5 278 Chester A. Arthur
90%
1860 (Chicago) Vice President 1-2 367 Hannibal Hamlin
90%
1864 (Baltimore) Vice President 1 9 Hannibal Hamlin
90%
1868 (Chicago) Vice President 1 119 Henry Wilson
90%
1872 (Philadelphia) Vice President 1 399.5 Henry Wilson
90%
1880 (Chicago) President 36 399 James A. Garfield
90%
1856 (Philadelphia) President 1 520 John C. Frémont
90%
1876 (Cincinnati) President 5-7 384 Rutherford B. Hayes
90%
1868 (Chicago) Vice President 2-5 541 Schuyler Colfax
90%
1872 (Philadelphia) Vice President 1 308.5 Schuyler Colfax
90%
1900 (Philadelphia) Vice President 1 925 Theodore Roosevelt
90%
1892 (Minneapolis) President 1 182 William McKinley
90%
1896 (St. Louis) President 1 661.5 William McKinley
90%
1900 (Philadelphia) President Unanimous William McKinley
90%
1876 (Cincinnati) President 1-7 351 James G. Blaine
80%
1880 (Chicago) President 1-36 285 James G. Blaine
80%
1884 (Chicago) President 1-5 541 James G. Blaine
80%
1892 (Minneapolis) President 1 182.5 James G. Blaine
80%
1888 (Chicago) Vice President 1 592 Levi P. Morton
70%
1876 (Cincinnati) President 1-4 124 Oliver Morton
70%
1876 (Cincinnati) Vice President 1 366 William Wheeler
70%
1860 (Chicago) Vice President 1-2 100.5 Cassius Clay
60%
1896 (St. Louis) Vice President 1 533.5 Garrett A. Hobart
60%
1884 (Chicago) Vice President 1 779 John A. Logan
60%
1856 (Philadelphia) Vice President 1 523 William Dayton
60%
1880 (Chicago) President 1-35 120 John Sherman
50%
1888 (Chicago) President 1-8 249 John Sherman
50%
1856 (Philadelphia) President 1 1 William Seward
50%
1860 (Chicago) President 1-3 184.5 William Seward
50%
1864 (Baltimore) Vice President 1 17 Daniel Dickinson
40%
1860 (Chicago) President 2-3 42.5 Salmon P. Chase
40%
1868 (Chicago) Vice President 1-5 206 Benjamin Wade
30%
1876 (Cincinnati) Vice President 1 89 Frederick Frelinghuysen
30%
1872 (Philadelphia) Vice President 1 26 Horace Maynard
30%
1856 (Philadelphia) Vice President 1 4 Charles Sumner
20%
1856 (Philadelphia) President 1 37 John McLean
20%
1868 (Chicago) Vice President 1-5 144 Reuben Fenton
20%
1896 (St. Louis) President 1 84.5 Thomas Reed
20%
1888 (Chicago) President 1-3 123 Walter Gresham
20%
1888 (Chicago) Vice President 1 103 William Bradley
20%
1888 (Chicago) Vice President 1 119 William Phelps
20%
1896 (St. Louis) President 1 61.5 Matthew S. Quay
10%
1860 (Chicago) President 1 50.5 Simon Cameron
10%
1876 (Cincinnati) President 1-7 126 Benjamin Bristow
0%
1888 (Chicago) President 1 99 Chauncey Depew
0%
1880 (Chicago) Vice President 1 193 Elihu Washburne
0%
1884 (Chicago) President 1-5 93 George Edmunds
0%
1896 (St. Louis) Vice President 1 277.5 Henry Clay Evans
0%
1860 (Chicago) Vice President 1-2 57 John Hickman
0%
1876 (Cincinnati) Vice President 1 86 Marshall Jewell
0%
1880 (Chicago) Vice President 1 44 Marshall Jewell
0%
1896 (St. Louis) Vice President 1 39 Morgan Bulkeley
0%
1856 (Philadelphia) Vice President 1 4 Nathaniel Banks
0%
1888 (Chicago) President 2-8 143 Russell Alger
0%
No matching quizzes found
Score Distribution
Percent of People with Each Score
Percentile by Number Answered
Your Score History
You have not taken this quiz